00756 a2200205 45000010006000000050017000060080041000230030015000640400040000790800104001192450058002230200022002812500012003032640033003153000019003485050052003670410008004191000028004278560095004554117420260407155705.0260407a2005 arg spa dAR-UNSa-BCEJYS aAR-UNSa-BCEJYSbspacAR-UNSa-BCEJYS a347.736xQuiebra. Insolvencia. Suspensión de pagos. Bancarrota, procedimientos. Derecho Concursal10aEl nuevo acuerdo preventivo extrajudicialpLey 25.589 a978-950-894-519-8 a2a. ed. 1aBuenos Aires :bAD-HOCc2005 a224 p.c23 cm. a1. Introducción - 2. Análisis del Instituto aspa1 aTruffat, Edgardo Daniel41uhttps://biblioeco.unsa.edu.ar/pmb/images/libros/L126398.jpgyImagen de portadaqimage/jpeg